Niemieckie nazwy polskich miast - klikanie - Statystyki

Ogólne statystyki
  • Ten quiz został rozwiązany 67 razy
  • Średni wynik to 18 z 20
Statystyki odpowiedzi
Hint Odpowiedź % Poprawnych
Elbląg Elbing
98%
Katowice Kattowitz
98%
Opole Oppeln
98%
Warszawa Warschau
98%
Kraków Krakau
97%
Płock Plotzk
95%
Poznań Posen
95%
Szczecin Stettin
95%
Toruń Thorn
95%
Gdynia Gdingen
93%
Kołobrzeg Kolberg
93%
Koszalin Köslin
91%
Gdańsk Danzig
90%
Częstochowa Tschenstochau
88%
Wrocław Breslau
86%
Bydgoszcz Bromberg
84%
Zielona Góra Grünberg
78%
Olsztyn Allenstein
71%
Jelenia Góra Hirschberg
71%
Łódź Litzmannstadt
66%
Nie znaleziono quizów pasujących do podanych kryteriów
Rozkład punktacji
Procent ludzi z każdym wynikiem
Percentyl według liczby udzielonych odpowiedzi
Twoja historia wyników
Nie rozwiązałeś tego quizu